Central Library OPAC University of Rajshahi

রুবাইয়াৎ-ইহাফিজ / (Record no. 49303)

MARC details
000 -LEADER
fixed length control field 00808nam a2200241 a 4500
001 - CONTROL NUMBER
control field 49303
003 - CONTROL NUMBER IDENTIFIER
rucl marc code BD-RjUL
005 - DATE AND TIME OF LATEST TRANSACTION
control field 20211209054649.0
008 - FIXED-LENGTH DATA ELEMENTS--GENERAL INFORMATION
fixed length control field 160820s1962 bg ||||| |||| 00| 0 ben d
020 ## - INTERNATIONAL STANDARD BOOK NUMBER
Terms of availability : Tk.2.00
035 ## - SYSTEM CONTROL NUMBER
System control number (BD-RjUL)49422
040 ## - CATALOGING SOURCE
Original cataloging agency BD-RjUL
Language of cataloging ben
Transcribing agency BD-RjUL
Modifying agency BD-RjUL
041 ## - LANGUAGE CODE
Language code of text/sound track or separate title ben
082 ## - DEWEY DECIMAL CLASSIFICATION NUMBER
Edition number 23
Classification number 891.5
Author mark and year ISR 1962
100 ## - MAIN ENTRY--PERSONAL NAME
Personal name ইসলাম, নজরুল
9 (RLIN) 148100
245 10 - TITLE STATEMENT
Title রুবাইয়াৎ-ইহাফিজ /
Statement of responsibility, etc. নজরুল ইসলাম
250 ## - EDITION STATEMENT
Edition statement ৩ য় সং.
260 ## - PUBLICATION, DISTRIBUTION, ETC. (IMPRINT)
Place of publication, distribution, etc. কলিকাতা :
Name of publisher, distributor, etc. ডি.এম. লাইব্রেরী,
Date of publication, distribution, etc. ১৯৬২
300 ## - PHYSICAL DESCRIPTION
Pagination ৮৮ পৃ. ;
Size ২০ সেমি.
650 ## - SUBJECT ADDED ENTRY--TOPICAL TERM
Topical term or geographic name as entry element ইরানী সাহিত্য
9 (RLIN) 124307
Topical term or geographic name as entry element Iranian literature
9 (RLIN) 148101
942 ## - ADDED ENTRY ELEMENTS (KOHA)
Source of classification or shelving scheme Dewey Decimal Classification
Koha item type Books
Holdings
Lost status Source of classification or shelving scheme Damaged status Not for loan Collection code Permanent Location Current Location Shelving location Date acquired Cost, normal purchase price Total Checkouts Full call number Date last seen Date checked out Copy number Koha item type
  Dewey Decimal Classification     Non-fiction Central Library, University of Rajshahi Central Library, University of Rajshahi   04/02/1965 2.81 1 B 891.5 ISR 1962 06/05/2019 17/04/2019 C-2 Books